Statistics for Guess the Footballers by their Teams #1

Click here to take the quiz!

General Stats

  • This quiz has been taken 770 times
  • The average score is 6 of 10

Answer Stats

HintAnswer% Correct
2003- . Barcelona C, Barcelona B, Barcelona, Paris Saint-Germain, Argentina.Lionel Messi
100%
2010-. Hamburger SC II, Hamburger SV, Bayer Leverkusen, Tottenham Hotspur, South Korea.Son Heung-min
69%
2005-. Nacional, Groningen, Ajax, Liverpool, Barcelona, Atletico Madrid, Uruguay.Luis Suarez
67%
1992-2013. Manchester United, Preston North End (loan), Real Madrid, LA Galaxy, AC Milan (loan), Paris Saint-Germain, England.David Beckham
61%
2001-2014. Sao Paulo, AC Milan, Real Madrid, AC Milan, Orlando City, Sao Paulo (loan), Brazil.Kaka
53%
1995-2016. West Ham United, Swansea City (loan), Chelsea, Manchester City, New York City FC, England.Frank Lampard
49%
1963-1984. Manchester United, Jewish Guild, Dunstable Town (loan), Stockport County, Cork Celtic, Los Angeles Aztecs, Fulham, Los Angeles Aztecs, Fort Lauderdale Strikers, Hibernian, San Jose Earhquakes, Sea Bee, Hong Kong Rangers, AFC Bournemouth, Brisbane Lions, Osborne Park Galeb, Nuneaton Borough, Tobermore United, Northern Ireland.George Best
48%
1991-2011. Napoli, Parma, Internazionale, Juventus, Real Madrid, Juventus, Al-Ahli, Italy.Fabio Cannavaro
41%
1945-1966. River Plate, Huracan (loan), Millonarios, Real Madrid, Espanyol, Argentina, Colombia, Spain.Alfredo Di Stefano
38%
2005-2019. Arsenal, Birmingham City (loan), Sunderland (loan), Juventus (loan), Vfl Wolfsburg, Nottingham Forest, Rosenborg, Copenhagen, Denmark.Nicklas Bendtner
33%

Score Distribution

Percentile by Number Answered

Percent of People with Each Score

Your Score History

You have not taken this quiz